Sports Quiz

Random Sports or MLB Quiz

200+ Homeruns by Active Players Quiz Stats

Quiz not verified by Sporcle

Challenge
Share
Tweet
Embed
Score 0/39 Timer 05:00
0 Plays Today
Number of Homeruns Player % Correct
591Albert Pujols
98.8%
446Miguel Cabrera
96%
308Jose Bautista
92.5%
308Adrian Gonzalez
90.2%
445Adrian Beltre
89.6%
201Carlos Gonzalez
89.6%
310Edwin Encarnacion
89%
241Chris Davis
89%
421Carlos Beltran
86.1%
278Robinson Cano
81.5%
250Chase Utley
80.9%
382Ryan Howard
80.3%
285Ryan Braun
79.2%
227Victor Martinez
78%
295Matt Holliday
77.5%
242David Wright
77.5%
284Nelson Cruz
76.3%
221Joey Votto
73.4%
225Adam Jones
72.3%
240Matt Kemp
70.5%
Number of Homeruns Player % Correct
231Jimmy Rollins
69.4%
217Troy Tulowitzki
68.8%
240Hanley Ramirez
68.2%
208Giancarlo Stanton
68.2%
241Evan Longoria
67.6%
293Curtis Granderson
67.1%
215Ryan Zimmerman
63%
247Justin Morneau
59%
241Jay Bruce
59%
245Brian McCann
57.2%
219Jayson Werth
57.2%
212Ian Kinsler
55.5%
200Josh Hamilton
55.5%
238Mike Napoli
53.8%
221Justin Upton
53.8%
207Hunter Pence
45.7%
251Mark Reynolds
41.6%
202Jhonny Peralta
21.4%
245Nick Swisher
19.7%

You're not logged in!

Compare scores with friends on all Sporcle quizzes.
Join for Free
OR
Log In

You Might Also Like...

Show Comments

Extras

Top Quizzes Today


Score Distribution

Your Account Isn't Verified!

In order to create a playlist on Sporcle, you need to verify the email address you used during registration. Go to your Sporcle Settings to finish the process.

Report this User

Report this user for behavior that violates our Community Guidelines.

Details: